LEADER 01018nam a2200253 i 4500 001 000000170530 003 CaOOAMICUS 005 20240418113227.0 008 080401s1935 it u000 u ita u 013 $a147941 040 $aSeMil$bita 100 1 $aRàkosi, Victor.$0(OLS)http://semarc/name/63815 245 10$aQuando le campane non suonano più /$cVictor Ràkosi ; Traduzione di Ignazio Balla, Ettore Cozzani. 260 $aMilano :$bL'eroica,$ccopyr. 1935. 300 $a378 p. ;$c18 cm. 490 0 $aMontagna ;$v16 700 1 $aCozzani, Ettore,$d<1884-1971>.$0(OLS)http://semarc/name/10416 700 1 $aBalla, Ignazio.$0(OLS)http://semarc/name/63816 830 0$aMontagna ;$v16.$0(OLS)http://semarc/title/25463 850 $aSeMil 852 $aSeMil$W1$xVenegono$y1$m1V VI 65$j121414$B121414$CSeMilBibl$Z2$F132783 $81 996 $6245$aQuando le campane non suonano più$9(OLS)http://semarc/title/243909 996 $6260$aMilano :$bL'eroica$9(OLS)http://semarc/publisher/34836 LEADER 01574nam a2200301 i 4500 001 000000084894 003 CaOOAMICUS 005 20181019145958.0 008 040608s1990 it u000 u ita u 013 $a57134 020 $a88-392-0168-8 040 $aSeMil$bita 245 13$aLa prosa del mondo :$bomaggio a Maurice Merleau-Ponty /$cIstituto Italiano per gli Studi Filosofici ; a cura di Anne Marie Sauzeau Boetti. 260 $aUrbino :$bQuattroVenti,$ccopyr. 1990. 300 $a111 p. ;$c24 cm. 490 0 $aActa philosophica [QuattroVenti] ;$v10 500 $aIn mezzo al front : Atti del convegno svoltosi nei giorni 21-23 aprile 1988 a cura del Centre Culturel Français di Roma con la collaborazione di Goethe Institut, dell'Istituto di Filosofia e Storia della Filosofia, dell'Università La Sapienza di Roma. 650 4$aMerleau-Ponty, Maurice.$0(OLS)http://semarc/subject/7105 700 1 $aSauzeau Boetti, Anne Marie.$0(OLS)http://semarc/name/39480 710 2 $aIstituto Italiano per gli Studi Filosofici .$0(OLS)http://semarc/name/2497 830 0$aActa philosophica ;$v10.$0(OLS)http://semarc/title/419319 850 $aSeMil 852 $aSeMil$W1$xVenegono$y1$m324 4 10 *$j49060$B49060$CSeMilBibl$Z2$F52493 $81 961 $aOmaggio: Conti don Ermenegildo 996 $6020$a88-392-0168-8$9(OLS)http://semarc/number/65307 996 $6245$aLa prosa del mondo :$bomaggio a Maurice Merleau-Ponty$9(OLS)http://semarc/title/131519 996 $6260$aUrbino :$bQuattroVenti$9(OLS)http://semarc/publisher/31914